000 00552nam a2200205 4500
001 44864
090 _a44864
100 _a20080619d1990 k y0pory5003 ba
101 0 _apor
102 _aPT
200 1 _aCrime no clube de xadrez
_fRex Stout
_gtraducão de J. Lima da Costa
210 _aLisboa
_cLivros do Brasil
_d1990
215 _a196, [8] p.
_d16 cm
225 2 _aVampiro
_v518
304 _aTít. orig. :Gambit
675 _a821.111(73)-312.4
_vmed
_zpor
700 1 _aStout
_bRex
702 1 _aCosta
_bL. Lima da
_4730
801 0 _aPT
_bBPMFF
_gRPC
990 _cLIVROS